000 00341nam a2200145Ia 4500
008 220204s9999 xx 000 0 und d
082 _a330.1
_bFER
100 _aFERGUSON, C E
245 0 _aPrinciples of economics
250 _a2
260 _aCalcutta
_bOxford & IBH
_c1968
650 _aEconomics
700 _aKREPS, J M
942 _cBK
999 _c20896
_d20896